Nuevos registros de murciélagos para Nuevo León, México (Registro nro. 10356)

Detalles MARC
000 -CABECERA
Campo de control 005430000a22001690004500
090 ## - CLASIFICACIÓN LOCAL
Colección AR
Consecutivo 01271
041 0# - IDIOMA
Código de idioma para texto/pista de sonido o título separado
100 1# - ASIENTO PRINCIPAL--NOMBRE PERSONAL
Nombre personal Jiménez Guzmán, Arturo
245 10 - MENCION DE TITULO
Título Nuevos registros de murciélagos para Nuevo León, México
650 14 - ASIENTO SECUNDARIO DE MATERIA - TERMINO TEMATICO
Término temático o nombre geográfico como elemento de entrada Distribución geográfica
650 14 - ASIENTO SECUNDARIO DE MATERIA - TERMINO TEMATICO
Término temático o nombre geográfico como elemento de entrada Ecología de poblaciones
650 14 - ASIENTO SECUNDARIO DE MATERIA - TERMINO TEMATICO
Término temático o nombre geográfico como elemento de entrada Biogeografía
650 14 - ASIENTO SECUNDARIO DE MATERIA - TERMINO TEMATICO
Término temático o nombre geográfico como elemento de entrada Murciélagos
651 #4 - ASIENTO SECUNDARIO DE MATERIA - NOMBRE GEOGRAFICO
-- Nuevo León
-- México
773 1# - Item fuente:
Título Anales del Instituto de Biología
Especificación de materiales 127
Descripción física 1
Paginas del Articulo 133-144
Lugar, editorial y fecha de publicación 1968
Información sobre la relación 39
942 ## - ELEMENTOS ADICIONALES (KOHA)
Tipo de ítem Artículo
Existencias
Withdrawn status Lost status Damaged status No para préstamo Colección Ubicación Permanente Ubicación actual Fecha de adquisición Datos de publicación Seriada Total Checkouts Número topográfico Inventario / Código de Barras Date last seen Ejemplar Price effective from Forma de adquisición Tipo de material
      No para Préstamo Hemeroteca Bogotá Bogotá 27/02/2015 Fuera de circulación   AR 01271 011609 25/03/2015 1 25/03/2015   Artículo